les relations internationales depuis 2001 - Statistiques

Statistiques générales
  • Ce quiz a été pris 14 fois
  • Le résultat moyen est 2 sur 12
Statistiques - réponses
Evénements Dates % Correct
attentats du WTC et du Pentagone 11 septembre 2001
100%
guerre du Liban entre Israël et le Hezbollah; création de Daesh en Irak 2006
25%
le Hamas contrôle Gaza 2007
25%
intervention de l’OTAN en Afghanistan contre les Talibans et Al Qaïda octobre 2001
17%
Barack Obama président des EUA 2009-2017
8%
guerre de Géorgie août 2008
8%
crise des Subprimes automne 2008
0%
“Printemps arabes”; guerres civiles en Syrie et en Libye décembre 2010 - mars 2011
0%
échec du traité sur la Constitution européenne juin 2005
0%
élimination de Ben Laden mai 2011
0%
deuxième Guerre d’Irak mars-avril 2003
0%
Xi Jinping au pouvoir en Chine octobre 2012
0%
Aucun quiz correspondant
Distribution des résultats
% des personnes avec chaque résultat
Percentile par nombre de réponses
Votre historique - résultats
Vous n’avez pas pris ce quiz